Adhunikotharathayude keraleeya parisaram/ (Record no. 138841)

000 -LEADER
fixed length control field 00439nam a22001457a 4500
082 ## - DEWEY DECIMAL CLASSIFICATION NUMBER
Classification number M09
Item number PKP/A
100 ## - MAIN ENTRY--PERSONAL NAME
Personal name P K Pokker
9 (RLIN) 57601
245 ## - TITLE STATEMENT
Title Adhunikotharathayude keraleeya parisaram/
Statement of responsibility, etc. by P K Pokker
260 ## - PUBLICATION, DISTRIBUTION, ETC.
Place of publication, distribution, etc. Kottayam:
Name of publisher, distributor, etc. Sahitya Pravarthaka Cooperative Society,
Date of publication, distribution, etc. 2000.
300 ## - PHYSICAL DESCRIPTION
Extent 169p.
650 ## - SUBJECT ADDED ENTRY--TOPICAL TERM
Topical term or geographic name entry element Literature Malayalam Criticism
9 (RLIN) 57602
650 ## - SUBJECT ADDED ENTRY--TOPICAL TERM
Topical term or geographic name entry element Literature Malayalam
9 (RLIN) 57603
650 ## - SUBJECT ADDED ENTRY--TOPICAL TERM
Topical term or geographic name entry element Literature
9 (RLIN) 57604
942 ## - ADDED ENTRY ELEMENTS (KOHA)
Koha item type Book
Holdings
Withdrawn status Lost status Damaged status Not for loan Permanent Location Current Location Shelving location Date acquired Cost, normal purchase price Total Checkouts Total Renewals Full call number Barcode Date last seen Date last checked out Price effective from Koha item type
        Sree Sankaracharya University of Sanskrit Sree Sankaracharya University of Sanskrit Stacks 04.08.2018 95.00 11 1 M09 PKP/A 091382 01.01.2025 06.12.2024 04.08.2018 Book